000 00815nam a2200217Ii 4500
003 JO-AjNU
008 230605s9999||||xx |||||||||||||| ||und||
017 _a2011/7567
020 _a978-977-350-386-6
040 _aJO-AjNU
_bara
_erda
_cJO-AjNU
041 _aara
050 1 4 _aHB61.2012
100 3 _aالسيسي، صلاح الدين حسن,
_eauthor
_934178
245 0 0 _aالمعجم الذهبي الثلاثي للمصطلحات الاقتصادية والتجارية : فرنسي - إنجليزي - عربي
264 3 1 _aالقاهرة: دار الكتاب الحديث،2012
300 _a750ص
336 _atext
_btxt
_2rdacontent
337 _aunmediated
_bn
_2rdamedia
338 _avolume
_bnc
_2rdacarrier
650 4 _aالاقتصاد -- مصطلحات-- التجارة-- معاجم
_934179
999 _aA13984
_c17552
_d17552